MARC details
| 000 -BAŞLIK |
| Sabit Uzunluktaki Kontrol Alanı |
02324nam a22004937a 4500 |
| 001 - KONTROL NUMARASI |
| Control Dosyası |
0008551 |
| 003 - KONTROL NUMARASI KİMLİĞİ |
| Kontrol Alanı |
KOHA_MİRAKIL |
| 005 - EN SON İŞLEM TARİHİ ve ZAMANI |
| Kontrol Alanı |
20260207001639.0 |
| 007 - FİZİKSEL TANIM SABİT ALAN - GENEL BİLGİ |
| Sabit uzunluklu kontrol alanı |
ta |
| 008 - SABİT UZUNLUKTAKİ VERİ ÖGELERİ - GENEL BİLGİ |
| Sabit Alan |
091009b2006 tu |||gr||||#0|||0|tur | |
| 020 ## - ISBN - ULUSLARARASI STANDART KİTAP NUMARASI |
| Isbn |
9751605032 |
| Nitelik bilgileri |
(tk.) ISBN 9751618797 |
| -- |
(9.c.) |
| 040 ## - KATALOGLAMA KAYNAĞI |
| Özgün Kataloglama Kurumu |
TR-BiSEU |
| Kataloglama Dili |
tur |
| Çeviri Kurumu |
TR-BiSEU |
| Açıklama Kuralları |
rda |
| 041 0# - DİL KODU |
| Metin ya da ses kaydının dil kodu |
tur |
| 044 ## - YAYINLAYAN/ÜRETEN KURULUŞUN ÜLKE KODU |
| ISO country code |
tu |
| 050 ## - SINIFLAMA ve YER NUMARASI |
| Sınıflama Numarası |
DS51.O74 |
| Yer Numarası |
Y43 2006 |
| 100 1# - KİŞİ ADI |
| Yazar Adı (Kişi adı) |
Demir, Necati. |
| 245 1# - ESER ADI BİLDİRİMİ |
| Başlık |
Ordu yöresi tarihinin kaynakları IX : |
| Alt Eseradı vb. |
Efsaneler, masallar, maniler ve etnografik malzemeler/ |
| Sorumluluk Bildirimi |
Necati Demir ; Necati Demir. |
| 264 #1 - ÜRERİM, YAYIN, DAĞITIM ve TELİF BİLDİRİMİ |
| Yayın yeri |
Ankara : |
| Yayınlayan |
Türk Tarih Kurumu |
| Yayın tarihi |
2006 |
| 300 ## - FİZİKSEL TANIMLAMA |
| Sayfa, Cilt vb. |
xvi, 328 sayfa: resimli; 29 cm. |
| 336 ## - İÇERİK TÜRÜ |
| Content type term |
metin |
| Content type code |
txt |
| Source |
rdacontent |
| 337 ## - MEDYA TÜRÜ |
| Media type term |
aracısız |
| Media type code |
n |
| Source |
rdamedia |
| 338 ## - TAŞIYICI TÜRÜ |
| Carrier type term |
cilt |
| Carrier type code |
nc |
| Source |
rdacarrier |
| 490 1# - DİZİ BİLDİRİMİ |
| Dizi Bildirimi |
Atatürk Kültür, Dil ve Tarih Yüksek Kurumu. |
| 490 1# - DİZİ BİLDİRİMİ |
| Dizi Bildirimi |
Türk Tarih Kurumu yayınları ; |
| Cilt Numarası |
XXVII. |
| 490 1# - DİZİ BİLDİRİMİ |
| Dizi Bildirimi |
Dizi - Sa. ; |
| Cilt Numarası |
1-h. |
| 490 1# - DİZİ BİLDİRİMİ |
| Dizi Bildirimi |
Türkiye'nin Sosyal ve Ekonomik Tarihini Sondaj Metoduyla Araştırma Grubu Kaynak yayın dizisi no ; |
| Cilt Numarası |
I-9. |
| 500 ## - GENEL NOT |
| Genel Not |
Kaynakça ve dizin var. |
| 500 ## - GENEL NOT |
| Genel Not |
Eksik cilt var. |
| 500 ## - GENEL NOT |
| Genel Not |
7.c-8. c. "Orta Karadeniz Tarihi Kaynakları" |
| 505 ## - İÇİNDEKİLER NOTU |
| İçindekiler Notu |
c.1 1455 Tarihli tahrir defteri |
| 650 #0 - KONU BAŞLIĞI EK GİRİŞ - KONU TERİMİ |
| Konusal terim veya coğrafi ad |
Ordu (Turkey)--History. |
| 9 (RLIN) |
21367 |
| 650 #0 - KONU BAŞLIĞI EK GİRİŞ - KONU TERİMİ |
| Konusal terim veya coğrafi ad |
Ordu (Türkiye)--Tarih. |
| 9 (RLIN) |
21368 |
| 650 #0 - KONU BAŞLIĞI EK GİRİŞ - KONU TERİMİ |
| Konusal terim veya coğrafi ad |
Ordu (Türkiye)--Yıllıklar. |
| 9 (RLIN) |
21371 |
| 650 #0 - KONU BAŞLIĞI EK GİRİŞ - KONU TERİMİ |
| Konusal terim veya coğrafi ad |
Ordu (Turkey)--Description and travel. |
| 9 (RLIN) |
21372 |
| 650 #0 - KONU BAŞLIĞI EK GİRİŞ - KONU TERİMİ |
| Konusal terim veya coğrafi ad |
Ordu (Türkiye)--Tanıtım ve Seyahat. |
| 9 (RLIN) |
21373 |
| 650 #0 - KONU BAŞLIĞI EK GİRİŞ - KONU TERİMİ |
| Konusal terim veya coğrafi ad |
Ordu (Turkey)--Social life and customs. |
| 9 (RLIN) |
21374 |
| 650 #0 - KONU BAŞLIĞI EK GİRİŞ - KONU TERİMİ |
| Konusal terim veya coğrafi ad |
Ordu (Türkiye)--Sosyal Hayat ve Gelenekler. |
| 9 (RLIN) |
21375 |
| 830 1# - SERİ EK GİRİŞİ - TEKBİÇİM ESER ADI |
| Tekbiçim Başlık |
Atatürk Kültür, Dil ve Tarih Yüksek Kurumu. |
| 9 (RLIN) |
6683 |
| 830 1# - SERİ EK GİRİŞİ - TEKBİÇİM ESER ADI |
| Tekbiçim Başlık |
Türk Tarih Kurumu yayınları ; |
| Volume number/sequential designation |
XXVII. |
| 9 (RLIN) |
6704 |
| 830 1# - SERİ EK GİRİŞİ - TEKBİÇİM ESER ADI |
| Tekbiçim Başlık |
Dizi - Sa. ; |
| Volume number/sequential designation |
1-h. |
| 9 (RLIN) |
21376 |
| 830 1# - SERİ EK GİRİŞİ - TEKBİÇİM ESER ADI |
| Tekbiçim Başlık |
Türkiye'nin Sosyal ve Ekonomik Tarihini Sondaj Metoduyla Araştırma Grubu Kaynak yayın dizisi no ; |
| Volume number/sequential designation |
I-9. |
| 9 (RLIN) |
21377 |
| 907 ## - LOCAL DATA ELEMENT G, LDG (RLIN) |
| a |
Tarih |
| 942 ## - EK GİRİŞ ÖGELERİ (KOHA) |
| Source of classification or shelving scheme |
Library of Congress Classification |
| Koha item type |
Book |
| 505 ## - İÇİNDEKİLER NOTU |
| -- |
c.2 1485 Tarihli tahrir defteri |
| -- |
c.3 3870Numaralı Defter-i Karaman ve Rum'un Canik Livası'na ait bçlümü ( 1520) |
| -- |
c.7 Karahisar-ı Şarkî sancağı mufassal avârız defteri, 1642-43 tarihli |
| -- |
c.8 Karahisar-ı Şarkî sancağı mufassal avârız defteri, 1642-43 tarihli |
| -- |
c.9 Efsaneler, masallar, maniler ve etnografik malzemeler |
| -- |
|